000
00257nam a2200097Ia 4500
001
1250964
005
20251031150906.0
008
251031s9999 xx 000 0 und d
245
0
_c
HÜSEYİN KELEŞ
_a
İ-4 KARA SEVDA BEŞİKTAŞ
260
_b
TİMAŞ YAYINLARI
999
_c
1250964
_d
1250964